Letter Maze - Sudden Death - Statistics

General Stats
  • This quiz has been taken 508 times
  • The average score is 11 of 24
Answers on the Grid
Answers color-coded by a green-red scale on the quiz's grid according to % correct below.
D
L
B
R
F
O
S
I
D
W
U
N
T
H
P
F
M
J
A
Q
E
R
U
N
Z
K
P
L
D
H
C
G
B
W
M
P
X
N
H
A
J
C
R
E
N
S
Y
W
B
K
 
Answer Stats
Answer % Correct
D
84%
B
74%
L
67%
A
62%
I
62%
D
60%
H
59%
J
49%
C
45%
E
45%
M
45%
F
44%
B
42%
K
42%
G
41%
A
31%
D
31%
L
31%
H
30%
M
28%
E
25%
H
25%
B
22%
K
16%
No matching quizzes found
Score Distribution
Percent of People with Each Score
Percentile by Number Answered
Your Score History
You have not taken this quiz